000 00604nam a2200217Ia 4500
003 GCL
008 140319s9999 xx 000 0 eng d
040 _aGCL /
_cGCL
082 0 4 _a371.9
_bG A
100 1 _aGALLOWAY, DAVID
245 1 0 _aTHE ASSESSMENT OF SPECIAL EDUCATIONAL NEEDS: WHOSE PROBLEM? /
_cGALLOWAY, DAVID
700 1 _aTOMLINSON, SALLY
700 1 _aARMSTRONG, DERRICK
260 _aانجلترا :
_bLONGMAN ،
_c1994
300 _a176 P
650 0 4 _aEDUCATION
650 0 4 _aPROBLIM CHILDREN
650 0 4 _aHANDICAPPED CHILDREN
650 0 4 _aSPECIAL EDUCATION
942 _2ddc
_cBK
999 _c11137
_d11137